000 00901nam a2200217Ia 4500
003 Ost
005 20260507075803.0
008 260507s9999||||xx |||||||||||||| ||und||
020 _a9789961018965
040 _cfsecg
041 _aara
082 _a350.1
100 _aبوفلجة، غيات
_eمؤلف
245 0 _aمبادئ التسيير البشري /
_c غيات بوفلجة
260 _aالجزائر :
_bديوان المطبوعات الجامعية,
_c2016
300 _a143 صفحة؛
_bإيضاحات ؛
_c22 سم
504 _aبيبليوغرافيا: ص ص.137-142
520 _aيضم تطور العمل وتسييير الموارد البشرية، اختيار المستخدمين وتطوير لأداء ات، تنظيم وتسيير الموارد البشرية، مشاكل العمل وحوافزه.
653 _aإدارة الأفراد
942 _cكتاب
999 _c46329
_d46329